00979nam a22001577a 4500008004100000020001500041050001500056100002000071245012500091260003200216300004000248500002000288505046600308700002400774700002300798120821t xxu||||| |||| 00| 0 eng d a0789565412 aTK5105.D74 aShelly, Gary B. aMacromedia dreamwaver: comprehensive concepts and techniques. /cGary B. Shelly, Thomas J. Cashman and Dolores J. Wells. aAustralia:bThomson,c2004. axv,+ various pagings:bill.;c28cm. aIncludes index. aContents: Introduction: Introduction to web development and macromedia dreamwaver -- Creating a dreamweaver web page and local site -- Adding web pages, links and images -- Tables and page layout -- Page layout with frames -- Forms -- Templates and styles sheets -- Layers, image maps and navigation bars -- Animation and behaviors -- Media objects -- Dreamweaver help -- Dreamweaver and accessibility -- Dreamweaver and fireworks -- Publishing to a web server. a Cashman, Thomas J. aWells, Dolores J.